000 01738cam a22004694i 4500
003 PE-LiUPU
005 20250731173407.0
008 150707s1996 miu rb 000 0 spa d
020 _a0825415500
035 _a(Sirsi) i9780825415500
035 _a(Sirsi) 45805
035 _a(Sirsi) 45805
082 0 4 _a223.907
_bP28
100 1 _aPatterson, Paige
245 1 0 _aCantar de los cantares /
_cPaige Patterson.
264 1 _aGrand Rapids, Michigan :
_bPortavoz,
_c1996
300 _a119 páginas ;
_c19 centímetros
336 _atext
_2rdacontent
337 _aunmediated
_2rdamedia
338 _avolume
_2rdacarrier
504 _aIncluye bibliografía
505 0 _aLa expectativa del amor (1:1-17) -- Compromiso y desafío (2:1-17) -- Duda, celos y esplendor (3:1-11) -- El éxtasis del diseño divino (4:1-16) -- El amor perturbado (5:1-16) -- Ajuste mutuo (6:1-13) -- Reconciliación (7:1-13) -- Un pacto de
526 _aSEG42
526 _aSEG41
526 _aSEG40
526 _aSEG39
526 _aP94
526 _aP87
526 _aP86
526 _aP85
526 _aP77
526 _aP76
526 _aP35
630 _aBiblia
_pA.T.
_pCantar de los Cantares
_xComentarios
942 _2ddc
_cBOOK
949 _a223.907 P28
_i63374
_lCCODEBUL1
_mBUL
_tLIBRO
_o.STAFF. Colección General
859 _q63374
_h223.907
_iP28
910 _agl
_bjv
_clch
_d20110821
596 _a1
999 _a223.907 P28
_wDEWEY
_c52336
_i63374
_d52336
_e2017-5-23
_f2021-11-11
_g5
_lCCODEBUL1
_mBUL
_n3
_p9.00
_q2
_r0
_sY
_tBOOK
_u2015-7-6
_xTEOLOGIA
_PP35
_0COMPRA
_o.STAFF. Colección Teología
980 _81
_gALBERTO SANCHEZ Responsable de Automatización